000 00443 a2200145 4500
999 _c995
_d995
020 _a9781928246084
050 _aG156.5 FRE 2016
100 _aFrentzel, Fabian
_eauthor
245 _aSlumming it:
_bthe tourist valorisation of urban poverty/
_cFabian Frentzel
264 _aCape town:
_bBest red
_c2016
300 _a218p.
500 _aIncludes bibliographical references and index
650 _aTourism and slum
942 _2lcc
_cBK
_h156.5
_iFRE
_kG